Systém manažérstva kvality podľa noriem ISO Radu 9000

Problematika kvality sa dnes dotýka prakticky každej oblasti nášho života. Systém manažérstva kvality podľa noriem ISO radu 9000. Dôvody vzniku systémov manažérstva kvality a potrebu ich ujednotenia prostredníctvom Medzinárodnej organizácie pre štandardizáciu v normách ISO radu 9000. Postupná genez...

Ausführliche Beschreibung

Gespeichert in:
Bibliographische Detailangaben
1. Verfasser: Socha, Luboš
Format: Buchkapitel
Sprache:Slowakisch
Schlagworte:
Tags: Tag hinzufügen
Keine Tags, Fügen Sie das erste Tag hinzu!

MARC

LEADER 00000nla$a2200000$$$4500
001 0114083
005 20220729071712.8
041 0 |a slo 
044 |a SK 
245 1 0 |a Systém manažérstva kvality podľa noriem ISO Radu 9000  |c Ľuboš Socha 
520 |a Problematika kvality sa dnes dotýka prakticky každej oblasti nášho života. Systém manažérstva kvality podľa noriem ISO radu 9000. Dôvody vzniku systémov manažérstva kvality a potrebu ich ujednotenia prostredníctvom Medzinárodnej organizácie pre štandardizáciu v normách ISO radu 9000. Postupná genezu týchto noriem a ich implementáciu do národných sústav. 
610 2 0 |a normy ISO 
610 2 0 |a normy kvality 
610 2 0 |a harmonizácia 
610 2 0 |a systém riadenia kvality 
100 1 |a Socha, Luboš